Καταγραφή και χαρτογράφηση των παραδοσιακών χαρακτηριστικών στην περιοχή του απολιθωμένου δάσους Λέσβου

Saved in:
Bibliographic Details
Main Author: Θεμελάκης, Στέλιος
Corporate Author: Πανεπιστήμιο Αιγαίου Σχολή Κοινωνικών Επιστημών Τμήμα Γεωγραφίας Μεταπτυχιακό Πρόγραμμα Σπουδών Γεωγραφία και Εφαρμοσμένη Γεωπληροφορική
Format: Thesis Book
Language:Greek
Published: 2010.
Subjects:
Tags: Add Tag
No Tags, Be the first to tag this record!

MARC

LEADER 00000cam a2200000 i 4500
001 1/20009
008 120530s2010 gr | ||| |||| ||gre||
035 |l 10112629 
040 |a GR-MyUa  |b gre  |e AACR2 
041 0 |a gre 
082 7 |a 577.55   |2 (22) 
100 1 |a Θεμελάκης, Στέλιος. 
245 1 0 |a Καταγραφή και χαρτογράφηση των παραδοσιακών χαρακτηριστικών στην περιοχή του απολιθωμένου δάσους Λέσβου /   |c Θεμελάκης Στέλιος ; επιβλέπων: Επ.Καθηγητής Κίζος Θανάσης. 
260 |c 2010. 
300 |a 55 σ. :   |b εικ, χάρτες ;   |c 30 εκ. 
500 |a Περιέχει παράρτημα. Μέλη επιτροπής: Αν.Καθηγητής Ζούρος Νικόλαος, Επ.Καθηγητής Κουκούλας Σωτήριος. 
502 |a Διατριβή (μεταπτυχιακή) – Πανεπιστήμιο Αιγαίου, Λέσβος, 2008. 
504 |a Βιβλιογραφία: σ. 49-50. 
650 0 |a Landscape protection  |z Greece  |z Lesbos (Municipality) 
650 0 |a Agricultural landscape management  |x Geographic information systems. 
650 0 |a Upland conservation  |z Greece  |z Lesbos (Municipality) 
650 0 |a Dissertations, Academic  |z Greece. 
700 1 |a Κίζος, Αθανάσιος,  |e dgs 
710 2 |a Πανεπιστήμιο Αιγαίου  |b Σχολή Κοινωνικών Επιστημών  |b Τμήμα Γεωγραφίας  |b Μεταπτυχιακό Πρόγραμμα Σπουδών Γεωγραφία και Εφαρμοσμένη Γεωπληροφορική. 
852 |a INST  |b LESVOS  |c DIATR  |e 20120530  |h 95  |p 005100050316  |q 005100050316  |t MTXE  |y 23 
852 |a INST  |b LESVOS  |c DIATR  |e 20120530  |h 96  |p 005100050317  |q 005100050317  |t MTXE  |y 23 
901 |a BIBL1-2012-2 
924 |a Θεμελάκης  |b Στέλιος  |y Λέσβος  |z 2012-05 
970 |a ΠΑΤΣΗ  |b ΑΝΘΙΠΠΗ  |z 2012/05/30